Electromagnetic theory / (Record no. 9557)

MARC details
000 -LEADER
fixed length control field 00598nam a22002052 4500
001 - CONTROL NUMBER
control field 0000021129
005 - DATE AND TIME OF LATEST TRANSACTION
control field 20151217152226.0
008 - FIXED-LENGTH DATA ELEMENTS--GENERAL INFORMATION
fixed length control field 120116s xx 000 0 eng d
020 ## - INTERNATIONAL STANDARD BOOK NUMBER
International Standard Book Number 1406765472 :
040 ## - CATALOGING SOURCE
Original cataloging agency KABU
Transcribing agency KABU
100 1# - MAIN ENTRY--PERSONAL NAME
Personal name Stratton, Julius Adams.
-- 0000181824
245 10 - TITLE STATEMENT
Title Electromagnetic theory /
Statement of responsibility, etc. by Julius Adams Stratton.
250 ## - EDITION STATEMENT
Edition statement 1st ed.
260 ## - PUBLICATION, DISTRIBUTION, ETC. (IMPRINT)
Place of publication, distribution, etc. New York :
Name of publisher, distributor, etc. McGraw-Hill,
Date of publication, distribution, etc. 1941.
300 ## - PHYSICAL DESCRIPTION
Extent xv, 615 p.
650 #0 - SUBJECT ADDED ENTRY--TOPICAL TERM
Topical term or geographic name as entry element Electromagnetic theory.
-- 0000153939
852 1# - LOCATION
-- p5670 KES
908 ## - PUT COMMAND PARAMETER (RLIN)
Put command parameter 120116
950 ## - LOCAL HOLDINGS (RLIN)
-- 1
Holdings
Withdrawn status Lost status Source of classification or shelving scheme Not for loan Home library Current library Date acquired Total Checkouts Full call number Barcode Date last seen Date last checked out Price effective from Koha item type
    Library of Congress Classification   Kabarak, Main Campus Kabarak, Main Campus 17/12/2015 2 QC670 .S77 1941 c. 1 20457 24/06/2019 11/06/2019 17/12/2015 General Collection
Designed with assistance from East African Informatics Ltd